RWANDA (Record no. 203332)

MARC details
000 -LEADER
fixed length control field 00560nam a22001817a 4500
005 - DATE AND TIME OF LATEST TRANSACTION
control field 20240528145748.0
010 ## - LCCN (DPL NO)
LC control number ENG-140526
020 ## - INTERNATIONAL STANDARD BOOK NUMBER
Terms of availability 2500.00
035 ## - SYSTEM CONTROL NUMBER
System control number EN-124058
082 ## - DEWEY DECIMAL CLASSIFICATION NUMBER
Classification number 916.7571
Edition number 1
100 ## - MAIN ENTRY--PERSONAL NAME
Personal name KAGAME, PAUL
245 ## - TITLE STATEMENT
Title RWANDA
Remainder of title A remarkable turnaround of a nation/
Statement of responsibility, etc By PAUL KAGAME
Medium English
260 ## - PUBLICATION, DISTRIBUTION, ETC. (IMPRINT)
Place of publication, distribution, etc Kampala, Uganda
Name of publisher, distributor, etc Independent Publications Ltd.
270 ## - ADDRESS
Address Independent Publications Ltd.
City Kampala, Uganda
Postal code 3304
300 ## - PHYSICAL DESCRIPTION
Extent 238p
Dimensions 30 cm(hbk)
700 ## - ADDED ENTRY--PERSONAL NAME
9 (RLIN) 62624
942 ## - ADDED ENTRY ELEMENTS (KOHA)
Source of classification or shelving scheme Dewey Decimal Classification
Item type English Books
Classification part 916.7571
Call number suffix KAG
Holdings
Withdrawn status Lost status Not for loan Collection code Home library Current library Date acquired Source of acquisition Cost, normal purchase price Full call number Barcode Copy number Cost, replacement price Koha item type
    Not For Loan Reference Ashok Vihar Ashok Vihar 28/05/2024 DBAD 2500.00 916.7571 KAG EN-124058 1 2500.00 English Books

© Delhi Public Library
Hit Counter
free hit counter